Violencia contra las mujeres: las cifras también hablan
Wedi'i Gadw mewn:
| Awdur Corfforaethol: | |
|---|---|
| Fformat: | Texto |
| Cyhoeddwyd: |
San José:
INAMU
|
| Tagiau: |
Ychwanegu Tag
Dim Tagiau, Byddwch y cyntaf i dagio'r cofnod hwn!
|
MARC
| LEADER | 00000 a a2200000 04500 | ||
|---|---|---|---|
| 001 | 38121 | ||
| 003 | |||
| 040 | |a CRAI/IIS |c CRAI/IIS | ||
| 020 | |a 978 9968-25-118-1 | ||
| 090 | |a 1003 I59v | ||
| 110 | |a Instituto Nacional de las Mujeres | ||
| 245 | |a Violencia contra las mujeres: las cifras también hablan | ||
| 260 | |a San José: |b INAMU | ||
| 300 | |a 105 p. | ||
| 999 | |c 1912 |d 1912 | ||
